| 000 | 03760cam a22007094i 4500 | ||
|---|---|---|---|
| 003 | PE-LiUPU | ||
| 005 | 20250731170439.0 | ||
| 008 | 150625s2002 sp a rb 000 0 spa d | ||
| 020 | _a8420534471 | ||
| 020 | _a9788420534473 | ||
| 035 | _a(Sirsi) i9788420534473 | ||
| 040 |
_aPE-LiUPU _bspa _cPE-LiUPU _dPE-LiUPU _erda |
||
| 049 | _aPRUA | ||
| 082 | 0 | 4 |
_a150.72 _bB18 _221 |
| 082 | 0 | 4 |
_a519.242 _bB18 2002 |
| 100 | 1 |
_aBalluerka Lasa, Nekane, _eautor. |
|
| 245 | 1 | 0 |
_aDiseños de investigación experimental en psicología / _cNekane Balluerka Lasa y Ana Isabel Vergara Iraeta. |
| 264 | 1 |
_aMadrid : _bPrentice Hall, _c2002. |
|
| 300 |
_a404 páginas : _bilustraciones ; _c24 centímetros |
||
| 336 |
_atext _2rdacontent |
||
| 337 |
_aunmediated _2rdamedia |
||
| 338 |
_avolume _2rdacarrier |
||
| 504 | _aIncluye referencias biliográficas. | ||
| 505 | 0 | _aConcepto de diseño -- Principales alternativas metodológicas y diseños en psicología: una perspectiva general -- Aspectos esenciales de la metodología experimental -- Principales criterios para la clasificación de los diseños experimentales clásicos o fisherianos -- Aproximación general a la técnica de análisis de datos más utilizada en el ámbito del diseño experimental clásico: el análisis de la varianza -- Diseños unifactoriales aleatorios -- Diseños factoriales aleatorios -- Diseños experimentales que reducen la varianza de error -- Diseños experimentales de medidas repetidas -- Otras modalidades de diseño -- Tablas estadísticas -- Introducción de datos en el editor del SPSS 10.0. | |
| 526 | _aSEG68 | ||
| 526 | _aSEG70 | ||
| 526 | _aSEG69 | ||
| 526 | _aSEG67 | ||
| 526 | _aSEG43 | ||
| 526 | _aP144 | ||
| 526 | _aP143 | ||
| 526 | _aP131 | ||
| 526 | _aP122 | ||
| 526 | _aP120 | ||
| 526 | _aP117 | ||
| 526 | _aP112 | ||
| 526 | _aP110 | ||
| 526 | _aP106 | ||
| 526 | _aP101 | ||
| 526 | _aP80 | ||
| 526 | _aP59 | ||
| 526 | _aP54 | ||
| 526 | _aP35 | ||
| 526 | _aP33 | ||
| 526 | _aP30 | ||
| 541 | _g0012-0003097; | ||
| 541 | _g001-0030486; | ||
| 650 | 0 | 4 |
_aPsicología _xInvestigación. |
| 700 | 1 |
_aVergara Iraeta, Ana Isabel, _eautor. |
|
| 942 |
_2ddc _cBOOK |
||
| 949 |
_a150.72 B18 _wDEWEY _c1 _i56334 _lCCODEBUL1 _mBUL _p17.00 _r0 _sY _tBOOK _u2015-6-25 _xSALUD _PP33 _0COMPRA _o.STAFF. Colección Ciencias de la Salud |
||
| 949 |
_a150.72 B18 _wDEWEY _c2 _i55351 _lCCODEBUL1 _mBUL _p17.00 _r0 _sY _tBOOK _u2015-6-25 _xSALUD _PP33 _0COMPRA _o.STAFF. Colección Ciencias de la Salud |
||
| 949 |
_a150.72 B18 _wDEWEY _c3 _i60398 _lCCODEBUL1 _mBUL _p27.00 _r0 _sY _tBOOK _u2015-6-25 _xSALUD _PP33 _0COMPRA _o.STAFF. Colección Ciencias de la Salud |
||
| 949 |
_a519.242 B18 2002 _wDEWEY _c1 _iFJ04118 _lCCODEBUJ1 _mBUJ _p24.80 _r0 _sY _tBOOK _u2016-11-15 _xSALUD _PP33 _0COMPRA _o.STAFF. Colección General Juliaca |
||
| 994 |
_aC0 _bPEPRU |
||
| 596 | _a1 3 | ||
| 999 |
_a150.72 B18 _wDEWEY _c44260 _i56334 _f2021-11-3 _g5 _lCCODEBUL1 _mBUL _p17.00 _r0 _sY _tBOOK _u2015-6-25 _xSALUD _zP33 _0COMPRA _o.STAFF. Colección Ciencias de la Salud _d44260 |
||
| 999 |
_a150.72 B18 _wDEWEY _c2 _i55351 _d2018-1-31 _e2018-1-24 _f2021-11-3 _g5 _lCCODEBUL1 _mBUL _n1 _p17.00 _r0 _sY _tBOOK _u2015-6-25 _xSALUD _zP33 _0COMPRA _o.STAFF. Colección Ciencias de la Salud |
||
| 999 |
_a150.72 B18 _wDEWEY _c3 _i60398 _f2021-11-3 _g5 _lCCODEBUL1 _mBUL _p27.00 _r0 _sY _tBOOK _u2015-6-25 _xSALUD _zP33 _0COMPRA _o.STAFF. Colección Ciencias de la Salud |
||
| 999 |
_a519.242 B18 2002 _wDEWEY _c1 _iFJ04118 _f2022-1-19 _g4 _lCCODEBUJ1 _mBUJ _p24.80 _r0 _sY _tBOOK _u2016-11-15 _xSALUD _PP33 _0COMPRA _o.STAFF. Colección General Juliaca |
||
| 980 |
_81 _gALBERTO SANCHEZ Responsable de Automatización |
||